LEADER 00989cam0-22003491--450 001 990006854790403321 005 20240726151125.0 035 $aFED01000685479 035 $a(Aleph)000685479FED01 100 $a20010426d1997----km-y0itay50------ba 101 0 $aita 102 $aIT 105 $ay-------001yy 200 1 $aFilippo Turati$eautonomia socialista e crisi del riformismo$fNino Daniele$gprefazione di Aldo Masullo 210 $aNapoli$cEsi$d1997 215 $aXVI, 130 p.$d21 cm 610 0 $aTurati, Filippo 676 $a324.245074092$v20$zita 700 1$aDaniele,$bNino$0139795 801 0$aIT$bUNINA$gREICAT$2UNIMARC 901 $aBK 912 $a990006854790403321 952 $aSE 111.06.31-$b955D$fDECSE 952 $aSDI-S 449$b5686$fSDI 952 $aXIV B 1609$b31355$fFSPBC 952 $aDAM C10 DANN 01$b2024/2829$fFLFBC 959 $aFLFBC 959 $aFSPBC 959 $aDECSE 959 $aSDI 996 $aFilippo Turati$9624686 997 $aUNINA